书目信息 |
| 题名: |
GaAs场效应晶体管基础
|
|
| 作者: | 平地康刚 , 福田益美 著 ;王钢 译 | |
| 分册: | ||
| 出版信息: | 北京 中国石化出版社 2005.08 |
|
| 页数: | 237页 | |
| 开本: | 21cm | |
| 丛书名: | ||
| 单 册: | ||
| 中图分类: | TN386 | |
| 科图分类: | ||
| 主题词: | 场效应晶体管--chang xiao ying jing ti guan | |
| 电子资源: | ||
| ISBN: | 7-80164-850-1 | |
| 000 | 00962nam0 2200253 450 | |
| 001 | 012007357301 | |
| 005 | 20070428153559.67 | |
| 010 | @a7-80164-850-1@dCNY25.00 | |
| 100 | @a20070205d2005 km y0chiy0120 ea | |
| 101 | 1 | @achi@cjpn |
| 102 | @aCN@b110000 | |
| 105 | @aa a 000yy | |
| 200 | 1 | @aGaAs场效应晶体管基础@AGaAs chang xiao ying jing ti guan ji chu@f(日) 福田益美, 平地康刚合著@F(ri)fu tian yi mei,ping di kang gang he zhu@g王钢译@Gwang gang yi |
| 210 | @a北京@c中国石化出版社@d2005.08 | |
| 215 | @a237页@c图@d21cm | |
| 320 | @a有书目。 | |
| 330 | @a本书深入浅出地讲解了GaAs场效应晶体管的工作原理、主要参数、特性评价、工艺设计及测试方法,并对GaAs场效应晶体管的最新制造技术进行了介绍。 | |
| 606 | 0 | @a场效应晶体管@Achang xiao ying jing ti guan |
| 690 | @aTN386@v4 | |
| 701 | 0 | @a平地康刚@Aping di kang gang@4著 |
| 701 | 0 | @a福田益美@Afu tian yi mei@4著 |
| 702 | 0 | @a王钢@Awang gang@4译 |
| 801 | 0 | @aCN@c20070428 |
| 905 | @a10447@dTN386@eF764 | |
| GaAs场效应晶体管基础/(日) 福田益美, 平地康刚合著/王钢译.-北京:中国石化出版社,2005.08 |
| 237页:图;21cm |
| ISBN 7-80164-850-1:CNY25.00 |
| 本书深入浅出地讲解了GaAs场效应晶体管的工作原理、主要参数、特性评价、工艺设计及测试方法,并对GaAs场效应晶体管的最新制造技术进行了介绍。 |
| ● |
| 相关链接 |
|
|
|
正题名:GaAs场效应晶体管基础
索取号:TN386/F764
 
预约/预借
| 序号 | 登录号 | 条形码 | 馆藏地/架位号 | 状态 | 备注 |
| 1 | 236361 | 202363619 | 期刊室512/301自科库 19排3列3层/ [索取号:TN386/F764] | 在馆 | |
| 2 | 236362 | 202363628 | 自科库301/301自科库 26排2列2层/ [索取号:TN386/F764] | 在馆 | |
| 3 | 236363 | 202363637 | 自科库301/301自科库 26排2列2层/ [索取号:TN386/F764] | 在馆 |